00723nam a22001937a 4500999001900000005001700019010001500036020002600051035001400077037001300091082001200104100002600116245007700142260005400219270007700273300001900350942002600369952013400395 c189481d18948120220701155344.0 aENG-133417 a9789391370992c795.00 aEN-116749 bDBAD/PUB a327.101 aMukhopadhyay, Amartya aInternational Relations:bTheories and Approaches/cAmartya Mukhopadhyay aNew DelhibSage Publications India Pvt. Ltdc2021 aB1/I-I Mohan Cooperative Industrial Area Mathura RoadbNew Delhie110044 avp.c23cm(pbk) 2ddccENh327.101mMUK 001040708NFICaAVbAVd2022-07-01eDBAD/PUBg795.00l1o327.101 MUKpEN-116949r2022-08-08 00:00:00s2022-08-02t1v795.00yEN